Delhi dialogue V : (Record no. 93003)

MARC details
000 -LEADER
fixed length control field 01440nam a22003017a 4500
005 - DATE AND TIME OF LATEST TRANSACTION
control field 20150430123852.0
010 ## - LCCN (DPL NO)
LC control number ENG-112824
020 ## - INTERNATIONAL STANDARD BOOK NUMBER
Terms of availability 1800.00
International Standard Book Number 9788175417298
035 ## - SYSTEM CONTROL NUMBER
System control number EN-96356
037 ## - SOURCE OF ACQUISITION
Source of stock number/acquisition DBAD/PUB
082 ## - DEWEY DECIMAL CLASSIFICATION NUMBER
Classification number 327.54059
245 ## - TITLE STATEMENT
Title Delhi dialogue V :
Statement of responsibility, etc edited by Rajiv K. Bhatia, Vijay Sakhuja [and] Asif shuja
Remainder of title India-ASEAN : vision for partnership and prosperity /
246 ## - VARYING FORM OF TITLE
Title proper/short title Delhi Dialogue five
246 ## - VARYING FORM OF TITLE
Title proper/short title India-ASEAN
260 ## - PUBLICATION, DISTRIBUTION, ETC. (IMPRINT)
Place of publication, distribution, etc Delhi
Name of publisher, distributor, etc Shipra Publications
Date of publication, distribution, etc 2014
270 ## - ADDRESS
Address H.O.: LG 18-19, Pankaj Central Market, Patparganj,
City Delhi
Postal code 110092
Telephone number 91-11-22235152, 22236152
Electronic mail address www.shiprapublications.com
300 ## - PHYSICAL DESCRIPTION
Extent xxix,249p.
Dimensions 25cm(Hb)
500 ## - GENERAL NOTE
General note On t.p.: ICWA
500 ## - GENERAL NOTE
General note Includes bibliographical references.
505 ## - FORMATTED CONTENTS NOTE
Formatted contents note Pt. 1. India-ASEAN security cooperation: towards peace and stability -- pt. 2. Non-traditional security challenges: food security, water management and pandemics -- pt. 3. Future of global energy market: role of new and renewable energy in sustainable development -- pt. 4. Cooperation between CLMV countries and North-East India: opportunities and challenges -- pt. 5. Expanding networks through connectivity: land, sea and air.
600 ## - SUBJECT ADDED ENTRY--PERSONAL NAME
Personal name Bhatia, Rajiv K.
600 ## - SUBJECT ADDED ENTRY--PERSONAL NAME
Personal name Sakhuja, Vijay
600 ## - SUBJECT ADDED ENTRY--PERSONAL NAME
Personal name Shuja, Asif
700 ## - ADDED ENTRY--PERSONAL NAME
Personal name Bhatia, Rajiv K.
700 ## - ADDED ENTRY--PERSONAL NAME
Personal name Sakhuja, Vijay
700 ## - ADDED ENTRY--PERSONAL NAME
Personal name Shuja, Asif
942 ## - ADDED ENTRY ELEMENTS (KOHA)
Source of classification or shelving scheme Dewey Decimal Classification
Item type English Books
Call number suffix DEL
Classification part 327.54059
Holdings
Withdrawn status Lost status Not for loan Collection code Home library Current library Date acquired Source of acquisition Cost, normal purchase price Full call number Barcode Copy number Cost, replacement price Koha item type
    Not For Loan Non-fiction D.B.Act.Division D.B.Act.Division 16/04/2015 DBAD/PUB 1800.00 327.54059 DEL EN-96356 1 1800.00 English Books

© Delhi Public Library
Hit Counter
free hit counter